[Event "Dmitrov op"]
[Site "Dmitrov"]
[Date "2011.08.01"]
[Round "7"]
[White "Leyman, Ivan"]
[Black "Khairov, Alexey"]
[Result "1/2-1/2"]
[WhiteElo "1865"]
[BlackElo "1581"]
[PlyCount "49"]
[EventDate "2011.07.29"]
[EventType "swiss"]
[EventRounds "9"]
[EventCountry "RUS"]
[SourceTitle "CBM 143 Extra"]
[Source "ChessBase"]
[SourceDate "2011.08.29"]
[SourceVersion "1"]
[SourceVersionDate "2011.08.29"]
[SourceQuality "1"]

1. e4 c6 2. d4 d5 3. Nc3 dxe4 4. Nxe4 Bf5 5. Ng3 Bg6 6. h4 h6 7. h5 Bh7 8. Nf3 Nd7 9. Bd3 Bxd3 10. Qxd3 Ngf6 11. 0-0 Qc7 12. c4 e6 13. Re1 Be7 14. Ne5 0-0 15. f4 c5 16. Be3 cxd4 17. Bxd4 Rfd8 18. Nxf7 Kxf7 19. Qg6+ Kg8 20. Rxe6 Bc5 21. Re7 Bxe7 22. Nf5 Bf8 23. Nxh6+ Kh8 24. Nf7+ Kg8 25. Nh6+ 1/2-1/2

[Event "Dmitrov op"]
[Site "Dmitrov"]
[Date "2011.07.31"]
[Round "6"]
[White "Dolskiy, Viktor"]
[Black "Leyman, Ivan"]
[Result "1-0"]
[WhiteElo "1929"]
[BlackElo "1865"]
[PlyCount "95"]
[EventDate "2011.07.29"]
[EventType "swiss"]
[EventRounds "9"]
[EventCountry "RUS"]
[SourceTitle "CBM 143 Extra"]
[Source "ChessBase"]
[SourceDate "2011.08.29"]
[SourceVersion "1"]
[SourceVersionDate "2011.08.29"]
[SourceQuality "1"]

1. c4 d6 2. d4 Nf6 3. Nc3 g6 4. e4 Bg7 5. Be2 Nbd7 6. Be3 c6 7. Qd2 h6 8. 0-0-0 Qc7 9. f4 a6 10. e5 Ng8 11. g4 e6 12. h4 b5 13. exd6 Qxd6 14. c5 Qc7 15. Ne4 Bf8 16. Rf1 Bb7 17. f5 0-0-0 18. fxg6 fxg6 19. Rf7 Ne7 20. Nd6+ Kb8 21. Bf4 e5 22. Bxe5 Nxe5 23. dxe5 Rg8 24. Nh3 Bc8 25. Nf4 Rg7 26. Rf6 Ng8 27. Rxg6 Rxg6 28. Nxg6 Bxd6 29. exd6 Qf7 30. Ne5 Qe8 31. Qf4 Ka8 32. Bf3 Bb7 33. g5 hxg5 34. hxg5 Qf8 35. Qg4 Qe8 36. Qg3 Qe6 37. b3 Re8 38. Re1 a5 39. Bh5 Rf8 40. Ng6 Qd5 41. Nxf8 a4 42. Qe3 Ka7 43. Rd1 Qf5 44. d7 Qxf8 45. d8Q Qxd8 46. Rxd8 Ka6 47. Qe8 a3 48. Ra8+ 1-0

[Event "Dmitrov op"]
[Site "Dmitrov"]
[Date "2011.07.30"]
[Round "4"]
[White "Kiseljova, Marya"]
[Black "Leyman, Ivan"]
[Result "1/2-1/2"]
[WhiteElo "2039"]
[BlackElo "1865"]
[PlyCount "62"]
[EventDate "2011.07.29"]
[EventType "swiss"]
[EventRounds "9"]
[EventCountry "RUS"]
[SourceTitle "CBM 143 Extra"]
[Source "ChessBase"]
[SourceDate "2011.08.29"]
[SourceVersion "1"]
[SourceVersionDate "2011.08.29"]
[SourceQuality "1"]

1. d4 Nf6 2. c4 d6 3. Nc3 g6 4. e4 Bg7 5. h3 Nbd7 6. Nf3 e5 7. d5 Nc5 8. Qc2 a5 9. Be3 b6 10. b3 h6 11. g4 Qe7 12. a3 Bb7 13. Be2 c6 14. dxc6 Bxc6 15. Nd2 Nfd7 16. f3 Ne6 17. h4 Nd4 18. Qb2 Nc5 19. Nd5 Bxd5 20. cxd5 Nxe2 21. Kxe2 f5 22. Bxc5 bxc5 23. Qc2 f4 24. h5 g5 25. Qd3 Kf7 26. Rhb1 Rab8 27. Qc3 Bf8 28. Rb2 Qa7 29. Nc4 Qc7 30. Rab1 Rb5 31. Kd3 Rb8 1/2-1/2

[Event "Moscow op-E"]
[Site "Moscow"]
[Date "2011.02.02"]
[Round "5.104"]
[White "Rozanov, Pavel B"]
[Black "Leyman, Ivan"]
[Result "1-0"]
[WhiteElo "2259"]
[BlackElo "1865"]
[PlyCount "85"]
[EventDate "2011.01.29"]
[EventType "swiss"]
[EventRounds "9"]
[EventCountry "RUS"]
[SourceTitle "EXT 2022"]
[Source "ChessBase"]
[SourceDate "2021.10.06"]
[SourceVersion "1"]
[SourceVersionDate "2021.10.06"]
[SourceQuality "1"]

1. e4 d6 2. d4 Nf6 3. Nc3 g6 4. Be3 Bg7 5. Qd2 Ng4 6. Bg5 h6 7. Bh4 Nd7 8. h3 Ngf6 9. 0-0-0 0-0 10. f4 c6 11. e5 Ne8 12. g4 f5 13. gxf5 gxf5 14. Nge2 b5 15. Bg2 d5 16. Nxd5 cxd5 17. Bxd5+ Kh7 18. Bxa8 Nb6 19. Bc6 Qc7 20. Bxb5 Bb7 21. Rhg1 a6 22. Bd3 e6 23. b3 Nd5 24. Kb2 Ne7 25. Bf2 Qd7 26. c4 Nc7 27. Bc2 Bf3 28. Rg3 Bh5 29. Rdg1 Bg6 30. Qb4 Ne8 31. Nc3 Rg8 32. Na4 Bf7 33. Nc5 Qd8 34. Qb7 Nc7 35. Nxa6 Nxa6 36. Qxa6 Ng6 37. Rxg6 Bxg6 38. Qxe6 Qe8 39. Rxg6 Qxg6 40. Bxf5 Bxe5 41. Qf7+ Kh8 42. Bxg6 Rxg6 43. Qxg6 1-0